| 000 | 01793cad a22003135a 4500 | ||
|---|---|---|---|
| 001 | L159415 | ||
| 008 | 170522s2017 xxk f 000 0 eng d | ||
| 020 | _a978178321890 | ||
| 035 | _a(Sirsi) u159415 | ||
| 041 | 0 | _aeng | |
| 110 | 2 |
_aRoyal Institution of Chartered Surveyors _94900 |
|
| 245 | 0 | 0 |
_aConflicts of interest _bUK commercial property market investment agency _h[electronic resource] |
| 250 | _a1st edition | ||
| 260 |
_aLondon _bRICS _c2017 |
||
| 490 | 0 | _aRICS Professional Statement | |
| 490 | 0 | _aRICS Professional Standard | |
| 520 | _aProvides RICS members and RICS regulated firms with mandatory requirements when acting on the open market sale or acquisition of a commercial investment real estate opportunity in order to avoid conflicts of interest prejudicial to their clients' best interests. It covers dual agency including related firms, multiple introductions and incremental advice. To be read in conjunction with Global Professional Statement Conflicts of Interest L159399. | ||
| 520 | _aEffective from 1 January 2018 | ||
| 520 | _aThis professional statement was amended January 2022 to update references to the RICS Rules of Conduct and then also reissued in June 2024 as a professional standard. It had previously been published in 2017 as a professional statement. | ||
| 590 | _aKA | ||
| 650 | 2 | 4 | _aRICS RULES OF CONDUCT |
| 650 | 2 | 4 | _aCONFLICTS OF INTEREST |
| 650 | 2 | 4 | _aDOUBLE DIPPING |
| 650 | 2 | 4 | _aDUAL AGENCY |
| 651 | 4 | _aUnited Kingdom | |
| 690 |
_aDispute resolution _96236 |
||
| 856 | 4 | 0 |
_uhttps://www.rics.org/profession-standards/rics-standards-and-guidance/sector-standards/real-estate-standards/conflicts-of-interest-uk-commercial-property-market-investment-agency _zView this Professional Statement at www.rics.org |
| 942 |
_n0 _2ddc |
||
| 999 |
_c115880 _d115880 |
||